№ 13/14 (37/38); Коммунальное дело

Bibliografiske detaljer
Parent link:Коммунальное дело: производственный журнал. № 13/14 (37/38).— , 1924-1926, 1928
Sprog:russisk
Udgivet: 1925
Format: MixedMaterials Bog
KOHA link:https://koha.lib.tpu.ru/cgi-bin/koha/opac-detail.pl?biblionumber=535319

MARC

LEADER 00000nam2a2200000 4500
001 535319
005 20231101113503.0
035 |a (RuTPU)RU\TPU\prd\224078 
035 |a RU\TPU\prd\224054 
090 |a 535319 
100 |a 20141013b1925 k y0rusy50 ca 
101 0 |a rus 
102 |a RU 
200 0 |a № 13/14 (37/38) 
210 |d 1925 
461 1 |0 (RuTPU)RU\TPU\prd\25555  |t Коммунальное дело  |o производственный журнал  |v № 13/14 (37/38)  |d 1924-1926, 1928 
801 0 |a RU  |b 63413507  |c 20010227  |g PSBO 
801 1 |a RU  |b 63413507  |c 20141010 
801 2 |a RU  |b 63413507  |c 20141013  |g RCR 
942 |c BK 
999 |a НТБ_ТПУ  |b РФ  |e -4/20140109  |p П-1155  |u 0,00  |v 1